[Event "Bundesliga 9798"]
[Site "Deutschland"]
[Date "1997.??.??"]
[Round "?.6"]
[White "Pirrot, Dieter"]
[Black "Thinius, Marco"]
[Result "1-0"]
[WhiteElo "2410"]
[BlackElo "2310"]
[PlyCount "66"]
[EventDate "1997.10.??"]
[EventType "team"]
[EventRounds "15"]
[EventCountry "GER"]
[SourceTitle "Bundesliga 9798"]
[Source "DeepChess"]
[SourceDate "2005.01.01"]
[SourceVersion "1"]
[SourceVersionDate "2005.01.01"]
[SourceQuality "1"]
[WhiteTeam "PSV Turm Duisburg 1920 e.V."]
[BlackTeam "SV Empor Berlin e.V."]
[WhiteTeamCountry "GER"]
[BlackTeamCountry "GER"]

1. e4 e5 2. Nf3 Nc6 3. Bc4 Nf6 4. d4 exd4 5. O-O Bc5 6. e5 Ng4 7. Bf4 d6 8.
exd6 Bxd6 9. Bxd6 Qxd6 10. Re1+ Kf8 11. c3 Qc5 12. Nxd4 Bd7 13. Nd2 Nxd4 14.
cxd4 Qxd4 15. Qf3 Qf6 16. Qa3+ Qd6 17. Qxd6+ cxd6 18. Ne4 Ne5 19. Bb3 Nd3 20.
Red1 Bc6 21. Nxd6 Nxb2 22. Rdb1 Nd3 23. Nxf7 Rg8 24. Ng5 Rh8 25. Ne6+ Ke7 26.
Rd1 Ne5 27. f4 Ng6 28. g3 a5 29. a4 h5 30. Ng5 h4 31. Rd4 hxg3 32. Re1+ Kf8 33.
h3 Rc8 1-0

[Event "Bundesliga 9798"]
[Site "Deutschland"]
[Date "1997.??.??"]
[Round "?.7"]
[White "Richter, Michael"]
[Black "Zude, Arno"]
[Result "1/2-1/2"]
[WhiteElo "2370"]
[BlackElo "2395"]
[PlyCount "102"]
[EventDate "1997.10.??"]
[EventType "team"]
[EventRounds "15"]
[EventCountry "GER"]
[SourceTitle "Bundesliga 9798"]
[Source "DeepChess"]
[SourceDate "2005.01.01"]
[SourceVersion "1"]
[SourceVersionDate "2005.01.01"]
[SourceQuality "1"]
[WhiteTeam "SV Empor Berlin e.V."]
[BlackTeam "PSV Turm Duisburg 1920 e.V."]
[WhiteTeamCountry "GER"]
[BlackTeamCountry "GER"]

1. d4 Nf6 2. Nf3 e6 3. c4 b6 4. a3 Ba6 5. Qc2 c5 6. d5 exd5 7. cxd5 Bb7 8. e4
Qe7 9. Bd3 Nxd5 10. O-O Nc7 11. Nc3 Ne6 12. Be3 Nc6 13. e5 Qd8 14. Be4 Be7 15.
Rad1 h6 16. Rd2 O-O 17. Rfd1 Qc8 18. Nd5 Re8 19. b4 Bf8 20. b5 Ncd4 21. Qc4 Qb8
22. a4 Kh8 23. Nc3 Bxe4 24. Nxe4 Qb7 25. Qd3 Qd5 26. Bxd4 cxd4 27. Nc3 Qc5 28.
Ne4 Qb4 29. Nxd4 Nxd4 30. Qxd4 Qxd4 31. Rxd4 Rxe5 32. Nd6 Kg8 33. Nc4 Rc5 34.
Ne3 d6 35. g3 a6 36. bxa6 Rxa6 37. Nc4 Rxa4 38. Nxb6 Rxd4 39. Rxd4 g6 40. Nd7
Rc1+ 41. Kg2 Rc6 42. Nf6+ Kh8 43. Re4 Rc8 44. Kf3 Rd8 45. Re8 Rxe8 46. Nxe8 d5
47. Nc7 d4 48. Ke4 Bc5 49. f3 d3 50. Kxd3 Bg1 51. Ke2 h5 1/2-1/2

[Event "Bundesliga 9798"]
[Site "Deutschland"]
[Date "1997.??.??"]
[Round "?.8"]
[White "Prang, Edgar"]
[Black "Deev, Andrei"]
[Result "0-1"]
[WhiteElo "2325"]
[BlackElo "2400"]
[PlyCount "88"]
[EventDate "1997.10.??"]
[EventType "team"]
[EventRounds "15"]
[EventCountry "GER"]
[SourceTitle "Bundesliga 9798"]
[Source "DeepChess"]
[SourceDate "2005.01.01"]
[SourceVersion "1"]
[SourceVersionDate "2005.01.01"]
[SourceQuality "1"]
[WhiteTeam "PSV Turm Duisburg 1920 e.V."]
[BlackTeam "SV Empor Berlin e.V."]
[WhiteTeamCountry "GER"]
[BlackTeamCountry "GER"]

1. d4 d6 2. g3 g6 3. Bg2 Bg7 4. e4 Nf6 5. Ne2 O-O 6. O-O e5 7. h3 Nc6 8. Be3
Bd7 9. Nbc3 a6 10. Qd2 exd4 11. Nxd4 Ne5 12. Qe2 b5 13. Rfd1 b4 14. Nd5 c5 15.
Nb3 Bb5 16. Qe1 Nxd5 17. Rxd5 Bc6 18. Rdd1 Qc7 19. Nd2 Rad8 20. a3 Bb7 21. Qe2
Rfe8 22. c4 a5 23. axb4 axb4 24. Nb3 Qb6 25. Bg5 Rd7 26. Rac1 Nc6 27. Qd3 Bxb2
28. Rb1 Bg7 29. Be3 Ne5 30. Qc2 Ba6 31. Bf1 Qc7 32. f4 Nc6 33. Qd3 Red8 34. h4
Na5 35. Nd2 d5 36. exd5 Re7 37. Bf2 Bc3 38. Nf3 Bxc4 39. Qc2 Bxd5 40. Ne5 f6
41. Ng4 Kg7 42. Ne3 Be4 43. Bd3 Rxd3 44. Rxd3 c4 0-1

[Event "Bundesliga 9798"]
[Site "Deutschland"]
[Date "1997.??.??"]
[Round "?.1"]
[White "Sax, Gyula"]
[Black "Votava, Jan"]
[Result "1/2-1/2"]
[WhiteElo "2570"]
[BlackElo "2515"]
[PlyCount "47"]
[EventDate "1997.10.??"]
[EventType "team"]
[EventRounds "15"]
[EventCountry "GER"]
[SourceTitle "Bundesliga 9798"]
[Source "DeepChess"]
[SourceDate "2005.01.01"]
[SourceVersion "1"]
[SourceVersionDate "2005.01.01"]
[SourceQuality "1"]
[WhiteTeam "PSV Turm Duisburg 1920 e.V."]
[BlackTeam "SV Erfurt West 90"]
[WhiteTeamCountry "GER"]
[BlackTeamCountry "GER"]

1. e4 c5 2. Nf3 e6 3. d4 cxd4 4. Nxd4 Nf6 5. Nc3 d6 6. g4 h6 7. Bg2 Nc6 8. h3
Nxd4 9. Qxd4 e5 10. Qa4+ Bd7 11. Qb3 b5 12. O-O Be7 13. f4 O-O 14. g5 hxg5 15.
fxg5 Nh5 16. h4 Qb6+ 17. Kh2 Be6 18. Nd5 Bxd5 19. Qxd5 g6 20. Rf3 Rac8 21. Be3
Qc6 22. Qxc6 Rxc6 23. Rf2 f6 24. c3 1/2-1/2

[Event "Bundesliga 9798"]
[Site "Deutschland"]
[Date "1997.??.??"]
[Round "?.2"]
[White "Casper, Thomas"]
[Black "Enders, Peter"]
[Result "1/2-1/2"]
[WhiteElo "2415"]
[BlackElo "2535"]
[PlyCount "81"]
[EventDate "1997.10.??"]
[EventType "team"]
[EventRounds "15"]
[EventCountry "GER"]
[SourceTitle "Bundesliga 9798"]
[Source "DeepChess"]
[SourceDate "2005.01.01"]
[SourceVersion "1"]
[SourceVersionDate "2005.01.01"]
[SourceQuality "1"]
[WhiteTeam "SV Erfurt West 90"]
[BlackTeam "PSV Turm Duisburg 1920 e.V."]
[WhiteTeamCountry "GER"]
[BlackTeamCountry "GER"]

1. e4 d5 2. Nc3 Nf6 3. e5 Nfd7 4. d4 e6 5. Nf3 c5 6. dxc5 Nc6 7. Bf4 Be7 8. Qd2
Nxc5 9. Bb5 O-O 10. O-O Qb6 11. Be3 Qc7 12. Bf4 a6 13. Bd3 b5 14. Qe3 b4 15.
Ne2 Nxd3 16. cxd3 Bd7 17. Bg5 Bxg5 18. Qxg5 f6 19. exf6 Rxf6 20. d4 Re8 21. Qg3
e5 22. dxe5 Nxe5 23. Nxe5 Qxe5 24. Qxe5 Rxe5 25. Nd4 Kf7 26. Rfe1 Re7 27. f3 g5
28. g3 h5 29. Rac1 h4 30. Kg2 h3+ 31. Kf2 Re4 32. Rxe4 dxe4 33. Rc7 Rd6 34. Ke3
exf3 35. Nxf3 Kf6 36. Rc5 Re6+ 37. Kf2 g4 38. Nd4 Re5 39. Rxe5 Kxe5 40. Ke3 Ba4
41. Ne2 1/2-1/2

[Event "Bundesliga 9798"]
[Site "Deutschland"]
[Date "1997.??.??"]
[Round "?.4"]
[White "Mueller, Matthias"]
[Black "Thesing, Matthias"]
[Result "1-0"]
[WhiteElo "2400"]
[BlackElo "2440"]
[PlyCount "72"]
[EventDate "1997.10.??"]
[EventType "team"]
[EventRounds "15"]
[EventCountry "GER"]
[SourceTitle "Bundesliga 9798"]
[Source "DeepChess"]
[SourceDate "2005.01.01"]
[SourceVersion "1"]
[SourceVersionDate "2005.01.01"]
[SourceQuality "1"]
[WhiteTeam "SV Erfurt West 90"]
[BlackTeam "PSV Turm Duisburg 1920 e.V."]
[WhiteTeamCountry "GER"]
[BlackTeamCountry "GER"]

1. e4 e6 2. d4 d5 3. Nc3 Nc6 4. Nf3 Nf6 5. e5 Ne4 6. Bd3 Bb4 7. Bd2 Bxc3 8.
Bxc3 Nxc3 9. bxc3 Na5 10. O-O Bd7 11. Nd2 c5 12. Qg4 g6 13. dxc5 Qc7 14. Rfe1
Qxc5 15. c4 dxc4 16. Ne4 Qxe5 17. Qh4 g5 18. Qh6 O-O-O 19. Nxg5 Qc7 20. Bf1 Bc6
21. Qf6 Rdf8 22. Rad1 Rhg8 23. Ne4 Rg6 24. Qc3 f5 25. Nd6+ Kb8 26. g3 f4 27.
Rd2 h5 28. Re5 fxg3 29. hxg3 Bd5 30. Nb5 Qc5 31. Rexd5 exd5 32. Qe5+ Kc8 33.
Bh3+ Rg4 34. Bxg4+ hxg4 35. Nd6+ Kd7 36. Ne4 Qe7 1-0

[Event "Bundesliga 9798"]
[Site "Deutschland"]
[Date "1997.??.??"]
[Round "?.5"]
[White "Pirrot, Dieter"]
[Black "Renner, Christoph"]
[Result "0-1"]
[WhiteElo "2410"]
[BlackElo "2415"]
[PlyCount "46"]
[EventDate "1997.10.??"]
[EventType "team"]
[EventRounds "15"]
[EventCountry "GER"]
[SourceTitle "Bundesliga 9798"]
[Source "DeepChess"]
[SourceDate "2005.01.01"]
[SourceVersion "1"]
[SourceVersionDate "2005.01.01"]
[SourceQuality "1"]
[WhiteTeam "PSV Turm Duisburg 1920 e.V."]
[BlackTeam "SV Erfurt West 90"]
[WhiteTeamCountry "GER"]
[BlackTeamCountry "GER"]

1. e4 e5 2. Nf3 Nc6 3. d4 exd4 4. Bc4 Bc5 5. c3 Nf6 6. cxd4 Bb4+ 7. Nc3 Nxe4 8.
O-O Bxc3 9. d5 Bf6 10. Re1 O-O 11. Rxe4 Na5 12. Bd3 d6 13. g4 g6 14. Qe1 c6 15.
Bh6 cxd5 16. Ra4 Nc6 17. Bxf8 Kxf8 18. h3 Bd7 19. Rf4 g5 20. Rf5 Be6 21. Qd2
Ne5 22. Nd4 Bxf5 23. Bxf5 Qb6 0-1

[Event "Bundesliga 9798"]
[Site "Deutschland"]
[Date "1997.??.??"]
[Round "?.6"]
[White "Troyke, Christian"]
[Black "Zude, Arno"]
[Result "1/2-1/2"]
[WhiteElo "2400"]
[BlackElo "2395"]
[PlyCount "35"]
[EventDate "1997.10.??"]
[EventType "team"]
[EventRounds "15"]
[EventCountry "GER"]
[SourceTitle "Bundesliga 9798"]
[Source "DeepChess"]
[SourceDate "2005.01.01"]
[SourceVersion "1"]
[SourceVersionDate "2005.01.01"]
[SourceQuality "1"]
[WhiteTeam "SV Erfurt West 90"]
[BlackTeam "PSV Turm Duisburg 1920 e.V."]
[WhiteTeamCountry "GER"]
[BlackTeamCountry "GER"]

1. Nf3 Nf6 2. g3 d5 3. Bg2 Bf5 4. c4 c6 5. cxd5 cxd5 6. Qb3 Qb6 7. Qxb6 axb6 8.
Nc3 Bd7 9. Ne5 Bc6 10. d3 e6 11. O-O Bd6 12. Bf4 Nbd7 13. Nxd7 Kxd7 14. Bxd6
Kxd6 15. d4 Rhc8 16. Rfc1 Ke7 17. e3 Ne8 18. Bf1 1/2-1/2

[Event "Bundesliga 9798"]
[Site "Deutschland"]
[Date "1997.??.??"]
[Round "?.8"]
[White "Voekler, Bernd"]
[Black "Groth, Klaus Ulrich"]
[Result "1-0"]
[WhiteElo "2395"]
[BlackElo "1881"]
[PlyCount "61"]
[EventDate "1997.10.??"]
[EventType "team"]
[EventRounds "15"]
[EventCountry "GER"]
[SourceTitle "Bundesliga 9798"]
[Source "DeepChess"]
[SourceDate "2005.01.01"]
[SourceVersion "1"]
[SourceVersionDate "2005.01.01"]
[SourceQuality "1"]
[WhiteTeam "SV Erfurt West 90"]
[BlackTeam "PSV Turm Duisburg 1920 e.V."]
[WhiteTeamCountry "GER"]
[BlackTeamCountry "GER"]

1. e4 c6 2. d4 d5 3. Nc3 dxe4 4. Nxe4 Bf5 5. Ng3 Bg6 6. h4 h6 7. Nf3 Nd7 8. h5
Bh7 9. Bd3 Bxd3 10. Qxd3 Qc7 11. Bd2 Ngf6 12. O-O-O e6 13. Qe2 O-O-O 14. Ne5
Nb6 15. c4 c5 16. dxc5 Bxc5 17. f4 Bd6 18. b3 Kb8 19. Kb1 Rhe8 20. Rhf1 Ng8 21.
Ne4 f6 22. Nd3 Bf8 23. Ba5 f5 24. Nc3 Qc6 25. Ne5 Rxd1+ 26. Rxd1 Qc8 27. Bxb6
axb6 28. Nd7+ Ka7 29. Nb5+ Ka6 30. c5 Ka5 31. Rd4 1-0

[Event "Bundesliga 9798"]
[Site "Deutschland"]
[Date "1998.??.??"]
[Round "?.1"]
[White "Sax, Gyula"]
[Black "Balashov, Yuri S"]
[Result "1/2-1/2"]
[WhiteElo "2570"]
[BlackElo "2550"]
[PlyCount "76"]
[EventDate "1997.10.??"]
[EventType "team"]
[EventRounds "15"]
[EventCountry "GER"]
[SourceTitle "Bundesliga 9798"]
[Source "DeepChess"]
[SourceDate "2005.01.01"]
[SourceVersion "1"]
[SourceVersionDate "2005.01.01"]
[SourceQuality "1"]
[WhiteTeam "PSV Turm Duisburg 1920 e.V."]
[BlackTeam "SVG Plettenberg"]
[WhiteTeamCountry "GER"]
[BlackTeamCountry "GER"]

1. e4 e5 2. Nf3 Nc6 3. Bb5 a6 4. Ba4 Nf6 5. O-O Be7 6. Re1 b5 7. Bb3 d6 8. c3
O-O 9. d4 Bg4 10. Be3 exd4 11. cxd4 Na5 12. Bc2 Nc4 13. Bc1 c5 14. b3 Nb6 15.
Nbd2 Nfd7 16. h3 Bh5 17. Bb2 Rc8 18. a4 bxa4 19. bxa4 cxd4 20. g4 Bg6 21. a5
Nd5 22. Nxd4 Nf4 23. Ne2 Bg5 24. Nxf4 Bxf4 25. Nf3 h5 26. Bb3 hxg4 27. hxg4 Qe7
28. Bd5 Ne5 29. Nxe5 dxe5 30. Kg2 Rfd8 31. Qf3 Qg5 32. Rh1 Rxd5 33. exd5 Bf5
34. Bxe5 Bxe5 35. Qxf5 Qxf5 36. gxf5 Bxa1 37. Rxa1 Rc5 38. Rd1 Kf8 1/2-1/2

[Event "Bundesliga 9798"]
[Site "Deutschland"]
[Date "1998.??.??"]
[Round "?.2"]
[White "Kupreichik, Viktor D"]
[Black "Enders, Peter"]
[Result "1-0"]
[WhiteElo "2500"]
[BlackElo "2535"]
[PlyCount "81"]
[EventDate "1997.10.??"]
[EventType "team"]
[EventRounds "15"]
[EventCountry "GER"]
[SourceTitle "Bundesliga 9798"]
[Source "DeepChess"]
[SourceDate "2005.01.01"]
[SourceVersion "1"]
[SourceVersionDate "2005.01.01"]
[SourceQuality "1"]
[WhiteTeam "SVG Plettenberg"]
[BlackTeam "PSV Turm Duisburg 1920 e.V."]
[WhiteTeamCountry "GER"]
[BlackTeamCountry "GER"]

1. e4 c5 2. Nf3 Nc6 3. d4 cxd4 4. Nxd4 Nf6 5. Nc3 d6 6. Bc4 e6 7. Be3 a6 8. Qe2
Na5 9. Bd3 Bd7 10. f4 Qc7 11. Nf3 b5 12. e5 dxe5 13. fxe5 b4 14. exf6 bxc3 15.
fxg7 Bxg7 16. b3 Nc6 17. O-O Ne5 18. Bh6 Nxf3+ 19. Qxf3 Bc6 20. Be4 Bxe4 21.
Qxe4 O-O 22. Bxg7 Kxg7 23. Rf3 Rac8 24. Re1 Rfd8 25. Rg3+ Kh8 26. Qh4 Qc5+ 27.
Kh1 Qf5 28. Rg5 Qxc2 29. Qf4 Qf5 30. Rxf5 exf5 31. h3 c2 32. Qf1 Kg7 33. Kh2
Rd5 34. Rc1 a5 35. Qe2 Rdc5 36. a3 Rc3 37. Qe5+ f6 38. Qxf5 R8c5 39. Qd7+ Kg6
40. b4 axb4 41. axb4 1-0

[Event "Bundesliga 9798"]
[Site "Deutschland"]
[Date "1998.??.??"]
[Round "?.3"]
[White "Kraut, Rainer"]
[Black "Luecke, Norbert"]
[Result "0-1"]
[WhiteElo "2470"]
[BlackElo "2375"]
[PlyCount "66"]
[EventDate "1997.10.??"]
[EventType "team"]
[EventRounds "15"]
[EventCountry "GER"]
[SourceTitle "Bundesliga 9798"]
[Source "DeepChess"]
[SourceDate "2005.01.01"]
[SourceVersion "1"]
[SourceVersionDate "2005.01.01"]
[SourceQuality "1"]
[WhiteTeam "PSV Turm Duisburg 1920 e.V."]
[BlackTeam "SVG Plettenberg"]
[WhiteTeamCountry "GER"]
[BlackTeamCountry "GER"]

1. e4 g6 2. d4 Bg7 3. Nc3 d6 4. f4 Nd7 5. Nf3 e6 6. Bd3 Ne7 7. O-O O-O 8. Qe1
c5 9. Be3 cxd4 10. Nxd4 Nc5 11. Rd1 a6 12. Nb3 Nxd3 13. Rxd3 Qc7 14. Qf2 b5 15.
a3 f5 16. Bb6 Qb8 17. e5 dxe5 18. Bc5 e4 19. Rh3 Bf6 20. Rd1 Bb7 21. Rd7 Rf7
22. Bd6 Qc8 23. Nc5 Bc6 24. Rc7 Qd8 25. Qd2 Bd5 26. Nxd5 Nxd5 27. Rxf7 Qxd6 28.
Rhxh7 Qxc5+ 29. Kh1 e3 30. Qe1 Qxc2 31. h3 e2 32. Qg3 Qc1+ 33. Kh2 Qxf4 0-1

[Event "Bundesliga 9798"]
[Site "Deutschland"]
[Date "1998.??.??"]
[Round "?.4"]
[White "Thiel, Thomas"]
[Black "Unzicker, Wolfgang"]
[Result "0-1"]
[WhiteElo "2345"]
[BlackElo "2420"]
[PlyCount "80"]
[EventDate "1997.10.??"]
[EventType "team"]
[EventRounds "15"]
[EventCountry "GER"]
[SourceTitle "Bundesliga 9798"]
[Source "DeepChess"]
[SourceDate "2005.01.01"]
[SourceVersion "1"]
[SourceVersionDate "2005.01.01"]
[SourceQuality "1"]
[WhiteTeam "SVG Plettenberg"]
[BlackTeam "PSV Turm Duisburg 1920 e.V."]
[WhiteTeamCountry "GER"]
[BlackTeamCountry "GER"]

1. e4 e5 2. Nf3 Nc6 3. Nc3 Nf6 4. d4 exd4 5. Nd5 Be7 6. Nxd4 Nxd5 7. exd5 Nxd4
8. Qxd4 O-O 9. Be2 Bf6 10. Qd1 d6 11. O-O Bf5 12. a4 Qd7 13. a5 c5 14. c3 Rfe8
15. Be3 Be4 16. Bd3 Qf5 17. Bxe4 Rxe4 18. Ra4 Rxa4 19. Qxa4 Qxd5 20. Rd1 Qe6
21. a6 b6 22. Qc6 Rd8 23. Qb7 Qd7 24. Qd5 Qa4 25. g3 Qxa6 26. Qc6 h6 27. Rxd6
Rxd6 28. Qxd6 Qa1+ 29. Kg2 Qxb2 30. Qb8+ Kh7 31. Qxa7 Qb3 32. Qb7 Qe6 33. c4
Qxc4 34. Qxb6 Qd5+ 35. f3 c4 36. Qb1+ g6 37. Qc2 Qb5 38. Kh3 Qb3 39. Qe4 c3 40.
g4 c2 0-1

[Event "Bundesliga 9798"]
[Site "Deutschland"]
[Date "1998.??.??"]
[Round "?.5"]
[White "Thesing, Matthias"]
[Black "Luethgens, Eike"]
[Result "1-0"]
[WhiteElo "2440"]
[BlackElo "2305"]
[PlyCount "107"]
[EventDate "1997.10.??"]
[EventType "team"]
[EventRounds "15"]
[EventCountry "GER"]
[SourceTitle "Bundesliga 9798"]
[Source "DeepChess"]
[SourceDate "2005.01.01"]
[SourceVersion "1"]
[SourceVersionDate "2005.01.01"]
[SourceQuality "1"]
[WhiteTeam "PSV Turm Duisburg 1920 e.V."]
[BlackTeam "SVG Plettenberg"]
[WhiteTeamCountry "GER"]
[BlackTeamCountry "GER"]

1. e4 Nf6 2. e5 Nd5 3. d4 d6 4. Nf3 g6 5. Bc4 c6 6. O-O Bg7 7. exd6 Qxd6 8. Re1
O-O 9. Nbd2 Bf5 10. c3 Nd7 11. Nh4 N7f6 12. Nxf5 gxf5 13. Bf1 b5 14. Nf3 Rad8
15. a4 a6 16. Bd3 e6 17. Bg5 Nf4 18. axb5 axb5 19. Ne5 Nxd3 20. Nxd3 Ra8 21.
Bxf6 Bxf6 22. Qf3 Kh8 23. Rxa8 Rxa8 24. Nb4 Rc8 25. Ra1 c5 26. Ra6 Qe7 27. dxc5
Qxc5 28. g3 Rd8 29. Ra8 Rxa8 30. Qxa8+ Kg7 31. Qc6 Qxc6 32. Nxc6 Bg5 33. Nd4
Bc1 34. b3 b4 35. cxb4 Kf6 36. b5 Ke7 37. b6 Kd7 38. b4 Kc8 39. Nc6 Kb7 40.
Nd8+ Kxb6 41. Nxf7 Bb2 42. Ng5 h6 43. Nxe6 Kb5 44. Kg2 Kxb4 45. Kf3 Be5 46. Nd8
Kc5 47. Nf7 Kd5 48. Nxe5 Kxe5 49. Ke3 Ke6 50. Kf4 Kf6 51. h3 Kg6 52. Ke5 Kg5
53. f4+ Kh5 54. Ke6 1-0

[Event "Bundesliga 9798"]
[Site "Deutschland"]
[Date "1998.??.??"]
[Round "?.6"]
[White "Oswald, Hans Joachim"]
[Black "Pirrot, Dieter"]
[Result "1/2-1/2"]
[WhiteElo "2330"]
[BlackElo "2410"]
[PlyCount "66"]
[EventDate "1997.10.??"]
[EventType "team"]
[EventRounds "15"]
[EventCountry "GER"]
[SourceTitle "Bundesliga 9798"]
[Source "DeepChess"]
[SourceDate "2005.01.01"]
[SourceVersion "1"]
[SourceVersionDate "2005.01.01"]
[SourceQuality "1"]
[WhiteTeam "SVG Plettenberg"]
[BlackTeam "PSV Turm Duisburg 1920 e.V."]
[WhiteTeamCountry "GER"]
[BlackTeamCountry "GER"]

1. Nf3 Nc6 2. d4 d5 3. g3 Bg4 4. Bg2 Qd7 5. c3 O-O-O 6. b4 f6 7. Nbd2 Bh3 8.
Bxh3 Qxh3 9. b5 Nb8 10. Qa4 e5 11. dxe5 Bc5 12. Nb3 Bb6 13. Rg1 Qd7 14. Nbd4
fxe5 15. Nxe5 Qe8 16. Nef3 Nf6 17. Qc2 Nbd7 18. a4 Ne4 19. a5 Bc5 20. Ba3 Bxa3
21. Rxa3 Qe7 22. Rb3 Qc5 23. Kf1 Rhf8 24. Kg2 g5 25. Rf1 Rde8 26. a6 Rf6 27.
axb7+ Kxb7 28. Ne1 Nb6 29. Nd3 Qf8 30. Qa2 Kc8 31. Ra3 Nc4 32. Rxa7 Nxc3 33.
Qa1 Ne4 1/2-1/2

[Event "Bundesliga 9798"]
[Site "Deutschland"]
[Date "1998.??.??"]
[Round "?.7"]
[White "Prang, Edgar"]
[Black "Schlecht, Daniel"]
[Result "0-1"]
[WhiteElo "2325"]
[BlackElo "2270"]
[PlyCount "96"]
[EventDate "1997.10.??"]
[EventType "team"]
[EventRounds "15"]
[EventCountry "GER"]
[SourceTitle "Bundesliga 9798"]
[Source "DeepChess"]
[SourceDate "2005.01.01"]
[SourceVersion "1"]
[SourceVersionDate "2005.01.01"]
[SourceQuality "1"]
[WhiteTeam "PSV Turm Duisburg 1920 e.V."]
[BlackTeam "SVG Plettenberg"]
[WhiteTeamCountry "GER"]
[BlackTeamCountry "GER"]

1. d4 d5 2. Nf3 c6 3. c4 Nf6 4. cxd5 cxd5 5. Nc3 Nc6 6. Bf4 a6 7. Rc1 Bf5 8.
Ne5 Rc8 9. e3 e6 10. Bd3 Bxd3 11. Qxd3 Nxe5 12. Bxe5 Nd7 13. O-O Nxe5 14. dxe5
Bb4 15. Rfd1 O-O 16. e4 Bxc3 17. Rxc3 dxe4 18. Qxd8 Rfxd8 19. Rxd8+ Rxd8 20.
Kf1 h6 21. Rc7 Rd5 22. Rxb7 Rxe5 23. Ra7 a5 24. Ke2 f5 25. h4 Kh7 26. g3 Kg6
27. b3 Kf6 28. Rb7 g5 29. h5 Rc5 30. Rh7 Rc2+ 31. Ke1 Rxa2 32. Rxh6+ Ke5 33.
Rg6 Rb2 34. h6 Rxb3 35. Rxg5 Rb1+ 36. Ke2 Rh1 37. Rg7 Rxh6 38. Ra7 Rh8 39.
Rxa5+ Kf6 40. Ke3 Rd8 41. Ra3 Rd6 42. Rb3 Kg5 43. Rb8 Kg4 44. Rg8+ Kh3 45. Rg6
Kg2 46. g4 Rd3+ 47. Ke2 f4 48. Rxe6 f3+ 0-1

[Event "Bundesliga 9798"]
[Site "Deutschland"]
[Date "1998.??.??"]
[Round "?.8"]
[White "Kuhnen, Thomas"]
[Black "Schmitz, Joachim"]
[Result "1/2-1/2"]
[WhiteElo "2132"]
[BlackElo "2310"]
[PlyCount "20"]
[EventDate "1997.10.??"]
[EventType "team"]
[EventRounds "15"]
[EventCountry "GER"]
[SourceTitle "Bundesliga 9798"]
[Source "DeepChess"]
[SourceDate "2005.01.01"]
[SourceVersion "1"]
[SourceVersionDate "2005.01.01"]
[SourceQuality "1"]
[WhiteTeam "SVG Plettenberg"]
[BlackTeam "PSV Turm Duisburg 1920 e.V."]
[WhiteTeamCountry "GER"]
[BlackTeamCountry "GER"]

1. Nf3 c5 2. e4 Nc6 3. d4 cxd4 4. Nxd4 g6 5. Nc3 Bg7 6. Be3 Nf6 7. Be2 O-O 8.
O-O d6 9. Kh1 Nxd4 10. Bxd4 Be6 1/2-1/2

[Event "Bundesliga 9798"]
[Site "Deutschland"]
[Date "1998.??.??"]
[Round "?.2"]
[White "Lerner, Konstantin Z"]
[Black "Roesch, Arnd"]
[Result "1-0"]
[WhiteElo "2560"]
[BlackElo "2350"]
[PlyCount "79"]
[EventDate "1997.10.??"]
[EventType "team"]
[EventRounds "15"]
[EventCountry "GER"]
[SourceTitle "Bundesliga 9798"]
[Source "DeepChess"]
[SourceDate "2005.01.01"]
[SourceVersion "1"]
[SourceVersionDate "2005.01.01"]
[SourceQuality "1"]
[WhiteTeam "PSV Turm Duisburg 1920 e.V."]
[BlackTeam "USG Chemnitz"]
[WhiteTeamCountry "GER"]
[BlackTeamCountry "GER"]

1. Nf3 Nf6 2. c4 d6 3. d4 Nbd7 4. g3 c6 5. Bg2 e5 6. Nc3 Be7 7. O-O O-O 8. e4
a6 9. Rb1 b5 10. cxb5 cxb5 11. a3 Bb7 12. Re1 Qb8 13. Nh4 g6 14. Bh6 Rd8 15. d5
Nb6 16. b3 Bc8 17. h3 Bd7 18. Qd2 Ne8 19. Nf3 Rc8 20. Rec1 Ra7 21. g4 Rac7 22.
Qd3 Ng7 23. Nd2 Kh8 24. Nf1 f5 25. gxf5 gxf5 26. Bxg7+ Kxg7 27. exf5 Kh8 28.
Ng3 Bg5 29. Rc2 a5 30. Rbb2 a4 31. Nce4 Bc1 32. f6 axb3 33. Rxc7 Qxc7 34. Rxb3
Na4 35. Qf3 Bf4 36. Ne2 Qc2 37. Nxf4 exf4 38. Nxd6 Rf8 39. f7 Qc5 40. Qxf4 1-0

[Event "Bundesliga 9798"]
[Site "Deutschland"]
[Date "1998.??.??"]
[Round "?.3"]
[White "Kunze, Carlo"]
[Black "Enders, Peter"]
[Result "1-0"]
[WhiteElo "2340"]
[BlackElo "2535"]
[PlyCount "75"]
[EventDate "1997.10.??"]
[EventType "team"]
[EventRounds "15"]
[EventCountry "GER"]
[SourceTitle "Bundesliga 9798"]
[Source "DeepChess"]
[SourceDate "2005.01.01"]
[SourceVersion "1"]
[SourceVersionDate "2005.01.01"]
[SourceQuality "1"]
[WhiteTeam "USG Chemnitz"]
[BlackTeam "PSV Turm Duisburg 1920 e.V."]
[WhiteTeamCountry "GER"]
[BlackTeamCountry "GER"]

1. d4 Nf6 2. c4 g6 3. Nc3 Bg7 4. e4 d6 5. Be2 O-O 6. Nf3 e5 7. d5 a5 8. Bg5 Na6
9. Nd2 h6 10. Be3 Nh7 11. O-O f5 12. f3 Rf7 13. a3 Bf6 14. b4 Bg5 15. Bf2 c5
16. dxc6 bxc6 17. Nb3 axb4 18. axb4 Rb8 19. c5 Nxb4 20. cxd6 Kh8 21. Nc5 Rg7
22. Bc4 Nf6 23. h4 Bf4 24. g3 g5 25. gxf4 gxf4+ 26. Kh2 fxe4 27. N3xe4 Nbd5 28.
Rg1 Nxe4 29. fxe4 Rb2 30. Qh5 Rxf2+ 31. Kh1 Bg4 32. Rxg4 Rxg4 33. Qxg4 Ne3 34.
Qh5 Qf8 35. Qxe5+ Qg7 36. Qxg7+ Kxg7 37. d7 Rd2 38. d8=Q 1-0

[Event "Bundesliga 9798"]
[Site "Deutschland"]
[Date "1998.??.??"]
[Round "?.5"]
[White "Kyas, Juergen"]
[Black "Unzicker, Wolfgang"]
[Result "1/2-1/2"]
[WhiteElo "2265"]
[BlackElo "2420"]
[PlyCount "29"]
[EventDate "1997.10.??"]
[EventType "team"]
[EventRounds "15"]
[EventCountry "GER"]
[SourceTitle "Bundesliga 9798"]
[Source "DeepChess"]
[SourceDate "2005.01.01"]
[SourceVersion "1"]
[SourceVersionDate "2005.01.01"]
[SourceQuality "1"]
[WhiteTeam "USG Chemnitz"]
[BlackTeam "PSV Turm Duisburg 1920 e.V."]
[WhiteTeamCountry "GER"]
[BlackTeamCountry "GER"]

1. e4 e5 2. Bc4 Nf6 3. d3 Nc6 4. Nf3 Bc5 5. O-O d6 6. c3 Bb6 7. Nbd2 O-O 8. h3
Ne7 9. Re1 Ng6 10. Nf1 c6 11. Bb3 h6 12. Ng3 Re8 13. d4 Be6 14. Bc2 Qd7 15. Be3
1/2-1/2